Supervisión de la integridad científica por académicos de posgrado (Record no. 215174)
[ view plain ]
| 000 -CABECERA | |
|---|---|
| campo de control de longitud fija | 02035nab a2200277 ab4500 |
| 005 - FECHA Y HORA DE LA ÚLTIMA TRANSACCIÓN | |
| campo de control | 20260522134607.0 |
| 008 - ELEMENTOS DE LONGITUD FIJA--INFORMACIÓN GENERAL | |
| campo de control de longitud fija | 251016c2024 mx ar p#o# #00| eng d |
| 003 - IDENTIFICADOR DEL NÚMERO DE CONTROL | |
| campo de control | |
| 040 ## - FUENTE DE LA CATALOGACIÓN | |
| Centro catalogador/agencia de origen | MX-MxUPN |
| Lengua de catalogación | spa |
| Centro/agencia transcriptor | MX-MxUPN |
| Normas de descripción | aacr2 |
| 041 0# - CÓDIGO DE IDIOMA | |
| Código de lengua del texto/banda sonora o título independiente | eng |
| 100 1# - ASIENTO PRINCIPAL--NOMBRE PERSONAL | |
| Nombre de persona | Hirsch Adler, Ana |
| 9 (RLIN) | 28903 |
| 100 1# - ASIENTO PRINCIPAL--NOMBRE PERSONAL | |
| Nombre de persona | Izarra Vielma, Douglas A. |
| 9 (RLIN) | 47614 |
| 245 10 - MENCIÓN DE TÍTULO | |
| Título | Supervisión de la integridad científica por académicos de posgrado |
| Medio | [recurso electrónico en línea] |
| 506 0# - NOTA DE RESTRICCIONES AL ACCESO | |
| Limitaciones de acceso | Acceso abierto |
| 520 3# - NOTA DE RESUMEN, ETC. | |
| Sumario, etc. | El propósito del artículo es desarrollar una mejor comprensión de las acciones que implementan académicos de posgrado de una universidad mexicana para supervisar la integridad en su trabajo de investigación. Se realizó una indagación cualitativa con 291 profesores e investigadores de dicho nivel que contestaron la pregunta: En su trabajo académico ¿cómo se supervisa la integridad en la investigación? El análisis se desarrolló con base en los procedimientos de la Teoría Fundamentada. Los resultados se organizaron en dos categorías: “Supervisión de la integridad científica con base en el trabajo colectivo”, que involucra la participación de diversos actores, y “Vigilancia epistemológica en la supervisión de la integridad científica” asociada con una actitud de cautela a lo largo del desarrollo de los proyectos. La conclusión destaca la relevancia que dan los profesores e investigadores de dicho nivel a los aspectos básicos de la ética en la generación del conocimiento y en los procesos formativos. |
| Fuente proveedora | REDIE |
| 650 #2 - ASIENTO SECUNDARIO DE MATERIA - TERMINO TEMATICO | |
| Término de materia o nombre geográfico como elemento de entrada | Investigadores |
| 9 (RLIN) | 23420 |
| 650 #4 - ASIENTO SECUNDARIO DE MATERIA - TERMINO TEMATICO | |
| Término de materia o nombre geográfico como elemento de entrada | Investigación científica |
| 9 (RLIN) | 6034 |
| 650 #2 - ASIENTO SECUNDARIO DE MATERIA - TERMINO TEMATICO | |
| Término de materia o nombre geográfico como elemento de entrada | Ética profesional |
| 9 (RLIN) | 6936 |
| 653 ## - TERMINO DE INDIZACION - NO CONTROLADO | |
| Término no controlado | Ética de la ciencia |
| 650 #4 - ASIENTO SECUNDARIO DE MATERIA - TERMINO TEMATICO | |
| Término de materia o nombre geográfico como elemento de entrada | Maestros universitarios |
| 9 (RLIN) | 894 |
| 773 ## - ENLACE AL DOCUMENTO FUENTE/ENTRADA DE REGISTRO ANFITRIÓN | |
| Parte(s) relacionada(s) | Vol. 26 (2024), p. 1-17 |
| Título | REDIE : revista electrónica de investigación educativa |
| Número Internacional Normalizado para Publicaciones Seriadas | 1607-4041 |
| 856 4# - LOCALIZACIÓN Y ACCESO ELECTRÓNICOS | |
| Identificador Uniforme del Recurso | <a href="https://redie.uabc.mx/redie/article/view/5937">https://redie.uabc.mx/redie/article/view/5937</a> |
| 856 4# - LOCALIZACIÓN Y ACCESO ELECTRÓNICOS | |
| Identificador Uniforme del Recurso | <a href="https://redie.uabc.mx/redie/article/view/5937/2554">https://redie.uabc.mx/redie/article/view/5937/2554</a> |
| 902 ## - ELEMENTOS DE DATOS B LOCAL, LDB (RLIN) | |
| Creó | Leonor Sotres/220526 |
| 942 ## - ELEMENTOS DE PUNTO DE ACCESO ADICIONAL (KOHA) | |
| Tipo de ítem Koha | Artículo Electrónico |
| Estado de retiro | Estado de pérdida | Estado dañado | No para préstamo | Código de colección | Localización permanente | Ubicación/localización actual | Ubicación en estantería | Fecha de adquisición | Total de préstamos | Fecha visto por última vez | Identificador Uniforme del Recurso | Precio válido a partir de | Tipo de ítem Koha |
|---|---|---|---|---|---|---|---|---|---|---|---|---|---|
| Acceso abierto | Bib. Gregorio Torres Quintero | Bib. Gregorio Torres Quintero | En línea | 22/05/2026 | 22/05/2026 | https://redie.uabc.mx/redie/article/view/5937/2554 | 22/05/2026 | Artículo Electrónico |
